|
|
|
|
| LEADER |
00000naa2a2200000 4500 |
| 001 |
623061 |
| 005 |
20231101133237.0 |
| 035 |
|
|
|a (RuTPU)RU\TPU\conf\21905
|
| 035 |
|
|
|a RU\TPU\conf\21904
|
| 090 |
|
|
|a 623061
|
| 100 |
|
|
|a 20170719d2017 k y0rusy50 ca
|
| 101 |
0 |
|
|a rus
|
| 102 |
|
|
|a RU
|
| 105 |
|
|
|a y z 101zy
|
| 135 |
|
|
|a drgn ---uucaa
|
| 181 |
|
0 |
|a i
|
| 182 |
|
0 |
|a b
|
| 200 |
1 |
|
|a Характеристики горючести эпоксидных композитов, наполненных терморасширенным графитом
|f А. Е. Пронина, И. С. Бердюгина, А. Г. Баннов
|g науч. рук. О. Б. Назаренко
|
| 203 |
|
|
|a Текст
|c электронный
|
| 225 |
1 |
|
|a Химическая технология полимерных материалов
|
| 230 |
|
|
|a 1 компьютерный файл (pdf; 582 Kb)
|
| 300 |
|
|
|a Заглавие с экрана
|
| 320 |
|
|
|a [Библиогр.: с. 495 (2 назв.)]
|
| 463 |
|
0 |
|0 (RuTPU)RU\TPU\conf\21448
|t Химия и химическая технология в XXI веке
|o материалы XVIII Международной научно-практической конференции студентов и молодых ученых имени профессора Л.П. Кулёва, 29 мая-1 июня 2017 г., г. Томск
|f Национальный исследовательский Томский политехнический университет (ТПУ) ; Институт природных ресурсов (ИПР) ; Институт физики высоких технологий (ИФВТ) ; Физико-технический институт (ФТИ)
|v [С. 494-495]
|d 2017
|
| 610 |
1 |
|
|a труды учёных ТПУ
|
| 610 |
1 |
|
|a электронный ресурс
|
| 610 |
1 |
|
|a полимерные материалы
|
| 610 |
1 |
|
|a графит
|
| 610 |
1 |
|
|a эпоксидные композиты
|
| 610 |
1 |
|
|a антипирены
|
| 610 |
1 |
|
|a эпоксидные смолы
|
| 700 |
|
1 |
|a Пронина
|b А. Е.
|
| 701 |
|
1 |
|a Бердюгина
|b И. С.
|
| 701 |
|
1 |
|a Баннов
|b А. Г.
|
| 702 |
|
1 |
|a Назаренко
|b О. Б.
|c специалист в области экологии и безопасности жизнедеятельности
|c профессор Томского политехнического университета, доктор технических наук
|f 1963-
|g Ольга Брониславовна
|2 stltpush
|4 727
|
| 712 |
0 |
2 |
|a Национальный исследовательский Томский политехнический университет (ТПУ)
|b Институт неразрушающего контроля (ИНК)
|b Кафедра экологии и безопасности жизнедеятельности (ЭБЖ)
|h 4850
|2 stltpush
|3 (RuTPU)RU\TPU\col\18720
|
| 801 |
|
2 |
|a RU
|b 63413507
|c 20170728
|g RCR
|
| 856 |
4 |
|
|u http://earchive.tpu.ru/handle/11683/41699
|
| 942 |
|
|
|c BK
|